লোডিং...

Bhasanatakachakeram

গ্রন্থ-পঞ্জীর বিবরন
প্রধান লেখক: Aachraya baldeva Upadhya
বিন্যাস: Printed Book
ভাষা:Malayalam
প্রকাশিত:
LEADER 00423nam a2200121Ia 4500
008 111205s9999 xx 000 0 mal d
100 |a Aachraya baldeva Upadhya 
245 |a Bhasanatakachakeram  |c Aachraya baldeva Upadhya 
260 |c 0 
300 |a 0 
942 |c BK 
999 |c 224835  |d 224835 
952 |0 0  |1 0  |2 ddc  |4 0  |6 SHELF_57_000000000000000  |7 0  |9 248228  |a MAL  |b MAL  |c ST1  |d 2011-12-05  |g 0.00  |l 0  |o Shelf 57  |p MAL3818  |r 2015-04-13  |v 0.00  |w 2015-04-13  |y BK